| 000 | 01055cam a22001814a 4500 | ||
|---|---|---|---|
| 999 |
_c2940 _d2940 |
||
| 020 | _a0195170024 | ||
| 020 | _a0195170032 (pbk.) | ||
| 020 | _a9780195170030 | ||
| 050 | 0 | 0 |
_aHD75 _b.M46 |
| 100 | 1 | _aMeier, Gerald M. | |
| 245 | 1 | 0 |
_aBiography of a subject : an evolution of development economics / _cGerald M. Meier. |
| 260 |
_aOxford : _aNew York : _bOxford University Press, _c2005. |
||
| 300 |
_aviii, 250 p. : _bill. ; _c24 cm. |
||
| 500 | _aIncludes bibliographical references and index | ||
| 505 | _aThinking about development -- The heritage of classical growth economics -- Early development institutions -- Early development economics 1: analytics -- Early development economics 2: historical perspectives -- Orthodox reaction -- Modern growth theory -- The new development economics -- Culture, social capital, institutions -- The impact of globalization -- Global trade issues -- An unfinished biography -- The evolution of development thought -- The contours of world development. | ||
| 650 | 0 | _aEconomic development. | |
| 942 | _cBK | ||